000 00491nam a22001937a 4500
003 koha_MIRAKIL
005 20250312105713.0
008 231213b eng||||| |||| 00| 0 eng d
020 _a9781406257724
040 _aTR-IsEVY
_btur
_cTR-IsEVY
082 _a394 DAL/B
100 _aDale, Jay.
245 0 _aBirthdays around the world
260 _bRaintree,
_c2013
300 _a16 s.
650 _aCelebrations.
_vBirthdays.
650 _aKutlamalar.
_vDoğumgünü.
942 _2ddc
_cBK
999 _c17688
_d17688